Theobald on wills. (Record no. 528)

MARC details
000 -LEADER
fixed length control field 01092cam a22003494a 4500
001 - CONTROL NUMBER
control field 12930178
003 - CONTROL NUMBER IDENTIFIER
control field OSt
005 - DATE AND TIME OF LATEST TRANSACTION
control field 20150619164738.0
008 - FIXED-LENGTH DATA ELEMENTS--GENERAL INFORMATION
fixed length control field 010607s2001 enk b 001 0 eng
010 ## - LIBRARY OF CONGRESS CONTROL NUMBER
LC control number 2002483502
020 ## - INTERNATIONAL STANDARD BOOK NUMBER
International Standard Book Number 0421741708
035 ## - SYSTEM CONTROL NUMBER
System control number (UkLWHE)b000114964
040 ## - CATALOGING SOURCE
Original cataloging agency DLC
Transcribing agency DLC
Modifying agency DLC
042 ## - AUTHENTICATION CODE
Authentication code pcc
043 ## - GEOGRAPHIC AREA CODE
Geographic area code e-uk---
050 00 - LIBRARY OF CONGRESS CALL NUMBER
Classification number KD1509
Item number .T44 2001
082 00 - DEWEY DECIMAL CLASSIFICATION NUMBER
Classification number 346.054 MAR
Edition number 21
100 1# - MAIN ENTRY--PERSONAL NAME
Personal name Ross Martyn, John G.
9 (RLIN) 1534
245 10 - TITLE STATEMENT
Title Theobald on wills.
246 14 - VARYING FORM OF TITLE
Title proper/short title Wills
250 ## - EDITION STATEMENT
Edition statement 16th ed. /
Remainder of edition statement by John G. Ross Martyn, Stuart Bridge, Mika Oldham.
260 ## - PUBLICATION, DISTRIBUTION, ETC. (IMPRINT)
Place of publication, distribution, etc London :
Name of publisher, distributor, etc Sweet & Maxwell,
Date of publication, distribution, etc 2001.
300 ## - PHYSICAL DESCRIPTION
Extent cclxi, 890 p. ;
Dimensions 26 cm.
440 #0 - SERIES STATEMENT/ADDED ENTRY--TITLE
Title Property and conveyancing library
9 (RLIN) 1496
504 ## - BIBLIOGRAPHY, ETC. NOTE
Bibliography, etc Includes bibliographical references and index.
650 #0 - SUBJECT ADDED ENTRY--TOPICAL TERM
Topical term or geographic name as entry element Wills
Geographic subdivision Great Britain.
9 (RLIN) 1535
700 1# - ADDED ENTRY--PERSONAL NAME
Personal name Bridge, Stuart.
9 (RLIN) 1536
700 1# - ADDED ENTRY--PERSONAL NAME
Personal name Oldham, Mika.
9 (RLIN) 1537
906 ## - LOCAL DATA ELEMENT F, LDF (RLIN)
a 7
b cbc
c origres
d 2
e ncip
f 20
g y-gencatlg
942 ## - ADDED ENTRY ELEMENTS (KOHA)
Source of classification or shelving scheme Dewey Decimal Classification
Koha item type Books
Holdings
Withdrawn status Lost status Source of classification or shelving scheme Damaged status Not for loan Home library Current library Shelving location Date acquired Total Checkouts Full call number Barcode Date last seen Price effective from Koha item type
    Dewey Decimal Classification     Law Development Centre Main Library Law Development Centre Main Library Text Books and Laws 04/22/2011   346.054 MAR 18209 04/22/2011 04/22/2011 Books
    Dewey Decimal Classification     Law Development Centre Main Library Law Development Centre Main Library Text Books and Laws 04/22/2011   346.054 MAR 18309 04/22/2011 04/22/2011 Books